Advances in soil dynamics.

Guardado en:
Autor Corporativo: American Society of Agricultural Engineers.
Formato: Seriadas
Idioma:English
Publicado: St. Joseph, Mich. : American Society of Agricultural Engineers, c1994-
Series:ASAE monograph,
Etiquetas: Agregar Etiqueta
Sin Etiquetas, Sea el primero en etiquetar este registro!
LEADER 00867cas a2200253 a 4500
001 EEA.libagro010508
005 20170425122302.0
007 t|
008 950228c19949999miuuu#########0###a0eng##
010 |a  95641349  
040 |a DLC  |c DLC  |d NSDP  |d DLC  |d CaQQL  |d OCoLC 
050 0 0 |a TA711.A1  |b A38 
082 0 0 |a 631.43 
210 0 |a Adv. soil dyn. 
222 0 |a Advances in soil dynamics 
245 0 0 |a Advances in soil dynamics. 
260 |a St. Joseph, Mich. :  |b American Society of Agricultural Engineers,  |c c1994- 
300 |a v. :  |b il. ;  |c 24 cm. 
362 0 |a Vol. 1- 
490 1 |a ASAE monograph,  |x 1081-5627 
500 |a La biblioteca posee: v. 1 y v. 2. 
710 2 |a American Society of Agricultural Engineers. 
859 |a AR-BbBCA  |b BIB. AGRONOMIA  |h 631.43  |i A244  |p 2003/4406  |v Vol. 1  |3 Vol. 1 
859 |a AR-BbBCA  |b BIB. AGRONOMIA  |h 631.43  |i A244  |p 2003/4407  |v Vol. 2  |3 Vol. 2